Subhas Chandra Bose; (Record no. 74309)
[ view plain ]
| 000 -LEADER | |
|---|---|
| fixed length control field | 00741cam a22002051 4500 |
| 001 - CONTROL NUMBER | |
| control field | sa 67004207 |
| 003 - CONTROL NUMBER IDENTIFIER | |
| control field | DLC |
| 005 - DATE AND TIME OF LATEST TRANSACTION | |
| control field | 20260227112344.0 |
| 008 - FIXED-LENGTH DATA ELEMENTS--GENERAL INFORMATION | |
| fixed length control field | 090515s1967 ii hc 000 0 eng |
| 010 ## - LIBRARY OF CONGRESS CONTROL NUMBER | |
| LC control number | sa 67004207 |
| 020 ## - INTERNATIONAL STANDARD BOOK NUMBER | |
| Terms of availability | Rs17.50; $4.00 |
| 040 ## - CATALOGING SOURCE | |
| Original cataloging agency | DLC |
| Transcribing agency | DLC |
| Modifying agency | DLC |
| 050 00 - LIBRARY OF CONGRESS CALL NUMBER | |
| Classification number | DS481.B6 |
| Item number | A34 |
| 100 1# - MAIN ENTRY--PERSONAL NAME | |
| Personal name | Bose, Subhas Chandra, |
| Dates associated with a name | 1897-1945. |
| 245 10 - TITLE STATEMENT | |
| Title | Subhas Chandra Bose; |
| Remainder of title | correspondence 1924-1932. |
| Statement of responsibility, etc. | Compiled and edited by Sisir K. Bose, with translations from the Bengali. |
| 250 ## - EDITION STATEMENT | |
| Edition statement | [1st ed.]. |
| 260 ## - PUBLICATION, DISTRIBUTION, ETC. | |
| Place of publication, distribution, etc. | Calcutta, |
| Name of publisher, distributor, etc. | Netaji Research Bureau; [distributors in India]: |
| -- | Oxford Book & Stationery Co. |
| Date of publication, distribution, etc. | [1967] |
| 300 ## - PHYSICAL DESCRIPTION | |
| Extent | xv, 432 p. |
| Other physical details | facsims., ports. |
| Dimensions | 23 cm. |
| 700 1# - ADDED ENTRY--PERSONAL NAME | |
| Personal name | Bose, Sisir Kumar, |
| Dates associated with a name | 1920-2000, |
| Relator term | ed. and tr. |
No items available.